[Event "EYCC Open-U18 2019"]
[Site "Bratislava"]
[Date "2019.08.10"]
[Round "9.15"]
[White "Zeman, Matyas"]
[Black "Fus, Jakub"]
[Result "0-1"]
[WhiteElo "2275"]
[BlackElo "2341"]
[Annotator "TA"]
[PlyCount "150"]
[EventDate "2019.08.02"]
[EventType "swiss"]
[EventCountry "SVK"]
[SourceTitle "playchess.com"]
[Source "ChessBase"]
[SourceQuality "1"]

{[%evp 11,150,24,20,15,22,16,21,9,18,8,18,35,19,0,4,0,11,0,14,15,0,-33,0,0,5,-19,-10,-8,0,-16,-8,-13,0,0,0,0,0,0,0,0,0,0,0,-13,-13,-10,-9,-47,-47,-57,-58,-67,-61,-108,-66,-54,-39,-44,-25,-47,0,-49,-38,-38,-34,-107,-15,-39,-16,-112,-118,-121,-111,-116,-58,-66,-81,-193,-159,-158,-186,-195,-193,-195,-195,-195,-180,-221,-136,-170,-164,-153,-101,-111,-23,-39,-54,-47,-47,-55,-70,-35,-20,-20,-20,-20,-26,-36,-20,-20,-20,-20,-20,-28,-35,-824,-824,-721,-628,-440,-440,-251,-227,-227,-251,-10633,-9181,-29957,-29948,-29973,-29974,-29975,-29977,-29976,-29977,-29976,-29973,-29980,-29981,-29982,-29981]} 1. e4 c6 2. d4 d5 3. exd5 cxd5 4. Bd3 Nc6 5. c3 Qc7 6. Ne2 Bg4 7. O-O {B13: Caro-Kann: Exchange Variation and Panov-Botvinnik Attack} e6 (7... Nf6 8. Qe1 Qc8 9. Ng3 h5 10. f3 Bd7 11. Bf4 h4 12. Ne2 Bf5 13. Bxf5 Qxf5 14. h3 e6 {½-½ (26) Kamsky,G (2666)-Vitiugov,N (2709) Germany 2019}) 8. Qe1 Nf6 9. f3 {The position is equal.} Bh5 $1 10. Qh4 {White wants to play Nf4.} Bg6 11. Bxg6 fxg6 12. Nf4 {next Nxg6! is good for White.} Kf7 $1 13. Nd3 e5 {[#]} 14. dxe5 $146 ({Predecessor:} 14. Be3 Re8 {1-0 (43) Idani,P (2598)-Gholami,A (2493) Hamedan 2018}) 14... Nxe5 15. Nxe5+ Qxe5 16. Qd4 Qc7 17. Bf4 Qc6 18. Qd3 Bc5+ 19. Kh1 Rhe8 20. b4 Bb6 21. Na3 Nh5 22. Bd2 Re5 {( -> ...Ng3+!)} 23. g4 Nf6 24. Rae1 Rae8 25. Rxe5 Rxe5 26. Bf4 Re7 27. Nb5 a6 28. Nd6+ $1 Kf8 29. c4 dxc4 30. Nxc4 Bc7 $1 {[%cal Rc7f4]} 31. Bxc7 Qxc7 32. Ne3 Qe5 33. Ng2 Rd7 34. Qc4 Rc7 35. Qd3 Rd7 36. Qc4 Qd4 $36 {[%mdl 2048] Black has the initiative.} 37. Qc8+ Kf7 38. Re1 (38. a3 $15) 38... Qd5 ({Black should play} 38... g5 $17 39. a3 Qd5) 39. a3 h6 40. Qc3 (40. f4 $11 {remains equal.}) 40... Qd3 $1 $17 {[%cal Rd3c3]} 41. Qxd3 Rxd3 42. Re3 Rxe3 ({Better is} 42... Rd1+ $17 43. Re1 Rd3) 43. Nxe3 {[%mdl 4096] Endgame KN-KN} Ke6 44. Kg2 (44. f4 $17 {is the only way for White.}) 44... Ke5 $1 $19 45. Kf2 Kd4 $1 46. Ke2 Kc3 $1 47. h4 Kb3 $1 48. Kd3 Kxa3 49. Kc3 Ka4 50. g5 hxg5 51. hxg5 Nh7 (51... Nh5 $142 {Threatens to win with ...Nf4.} 52. Nd5 Kb5) 52. f4 $17 Kb5 (52... Nf8 $1 $17 53. Kc4 b5+ 54. Kc3 Ne6) 53. Nd5 $11 Nf8 54. Kd4 $1 Kc6 55. Ke5 b6 $1 56. Kd4 $1 a5 57. bxa5 bxa5 58. Kc4 Kd6 {...Ne6 is the strong threat.} 59. Ne3 $1 Ke6 60. Kb5 Nd7 61. Kxa5 Nc5 {Hoping for ...Nd3.} 62. Kb6 Nd3 63. Kc7 $2 {[%mdl 8192]} (63. Ng2 $15) 63... Nxf4 $19 64. Kd8 Nd5 $1 {[%cal Rd5e3]} 65. Nc4 {If White can now play Ke8 this consolidates a bit.} Kf5 66. Ke8 Kxg5 {aiming for ...Kf4.} 67. Kf7 Kh6 $1 68. Ne5 $2 {[#]} (68. Nd6 Ne3 69. Ne4) 68... g5 $1 69. Ng4+ Kh5 {Black mates.} 70. Ne5 {[#]} g6 $1 {[%mdl 64] Deflection} 71. Nxg6 g4 72. Ne5 g3 73. Ke6 g2 74. Nf3 Kg4 75. Ng1 Nf4+ {Accuracy: White = 58%, Black = 66%.} 0-1

[Event "EYCC Open-U18 2019"]
[Site "Bratislava"]
[Date "2019.08.10"]
[Round "9.16"]
[White "Heimisson, Hilmir Freyr"]
[Black "Van Foreest, Lucas"]
[Result "0-1"]
[WhiteElo "2279"]
[BlackElo "2521"]
[Annotator "ChessBase"]
[PlyCount "72"]
[EventDate "2019.08.02"]
[EventType "swiss"]
[EventCountry "SVK"]
[SourceTitle "playchess.com"]
[Source "ChessBase"]
[SourceQuality "1"]
[TimeControl "40/5400+30:1800+30"]

1. d4 {[%emt 0:00:00]} Nf6 {[%emt 0:00:00]} 2. c4 {[%emt 0:00:00]} e6 {[%emt 0:00:00]} 3. Nc3 {[%emt 0:00:00]} Bb4 {[%emt 0:00:00]} 4. Qc2 {[%emt 0:00:00]} O-O {[%emt 0:00:04]} 5. Nf3 {[%emt 0:00:00]} d6 {[%emt 0:00:21]} 6. e3 {[%emt 0:01:11]} b6 {[%emt 0:05:21]} 7. Bd3 {[%emt 0:00:15]} Bb7 {[%emt 0:00:34]} 8. e4 {[%emt 0:00:09]} h6 {[%emt 0:13:36]} 9. O-O {[%emt 0:03:47]} Bxc3 {[%emt 0:01:29]} 10. bxc3 {[%emt 0:00:20]} Nc6 {[%emt 0:00:35]} 11. e5 {[%emt 0:32:32]} dxe5 {[%emt 0:04:39]} 12. dxe5 {[%emt 0:00:07]} Nd7 {[%emt 0:00:16]} 13. Ba3 {[%emt 0:00:08]} Ne7 {[%emt 0:10:01]} 14. Rad1 {[%emt 0:01:59]} c5 {[%emt 0:00:36]} 15. Rfe1 {[%emt 0:13:50]} Qc7 {[%emt 0:07:17]} 16. Qe2 {[%emt 0:00:46]} Bxf3 {[%emt 0:14:24]} 17. Qxf3 {[%emt 0:04:49]} Nxe5 {[%emt 0:05:41]} 18. Qg3 {[%emt 0:00:10]} f6 {[%emt 0:03:48]} 19. Bc1 {[%emt 0:00:41]} Nf5 {[%emt 0:02:02]} 20. Bxf5 {[%emt 0:08:00]} exf5 {[%emt 0:00:03]} 21. Bxh6 {[%emt 0:00:56]} Qf7 {[%emt 0:00:41]} 22. Bf4 {[%emt 0:10:11]} Nxc4 {[%emt 0:00:20]} 23. h4 {[%emt 0:04:17]} Rfe8 {[%emt 0:00:44]} 24. Qh3 {[%emt 0:01:10]} Nb2 {[%emt 0:07:42]} 25. Rb1 {[%emt 0:02:12]} Rxe1+ {[%emt 0:00:10]} 26. Rxe1 {[%emt 0:00:01]} Qd7 {[%emt 0:01:14]} 27. h5 {[%emt 0:06:01]} Nd3 {[%emt 0:01:13]} 28. Rd1 {[%emt 0:00:09]} Rd8 {[%emt 0:00:56]} 29. Qg3 {[%emt 0:00:33]} c4 {[%emt 0:00:56]} 30. Qg6 {[%emt 0:05:59]} Qf7 {[%emt 0:03:42]} 31. Qxf5 {[%emt 0:00:21]} Rd5 {[%emt 0:00:08]} 32. Qc8+ {[%emt 0:01:17]} Kh7 {[%emt 0:00:08]} 33. Be3 {[%emt 0:01:37]} Qxh5 {[%emt 0:00:13]} 34. g4 {[%emt 0:01:18]} Qh3 {[%emt 0:02:40]} 35. Qxc4 {[%emt 0:01:26]} Nf4 {[%emt 0:00:19]} 36. Qe4+ {[%emt 0:00:37]} f5 {[%emt 0:00:05]} 0-1

[Event "EYCC Open-U18 2019"]
[Site "Bratislava"]
[Date "2019.08.10"]
[Round "9.17"]
[White "Schoppen, Casper"]
[Black "Crevatin, Leo"]
[Result "1-0"]
[WhiteElo "2493"]
[BlackElo "2146"]
[Annotator "ChessBase"]
[PlyCount "65"]
[EventDate "2019.08.02"]
[EventType "swiss"]
[EventCountry "SVK"]
[SourceTitle "playchess.com"]
[Source "ChessBase"]
[SourceQuality "1"]
[TimeControl "40/5400+30:1800+30"]

1. e4 {[%emt 0:00:00]} c5 {[%emt 0:00:00]} 2. Nf3 {[%emt 0:00:00]} Nc6 {[%emt 0:00:00]} 3. d4 {[%emt 0:00:00]} cxd4 {[%emt 0:00:00]} 4. Nxd4 {[%emt 0:00:00]} Nf6 {[%emt 0:00:06]} 5. Nc3 {[%emt 0:00:00]} e5 {[%emt 0:00:04]} 6. Ndb5 {[%emt 0:00:08]} d6 {[%emt 0:00:03]} 7. Bg5 {[%emt 0:02:10]} a6 {[%emt 0:00:05]} 8. Na3 {[%emt 0:00:05]} b5 {[%emt 0:00:05]} 9. Bxf6 {[%emt 0:02:48]} gxf6 {[%emt 0:00:34]} 10. Nd5 {[%emt 0:00:05]} f5 {[%emt 0:00:04]} 11. Bd3 {[%emt 0:06:10]} Be6 {[%emt 0:00:21]} 12. O-O {[%emt 0:00:21]} Bxd5 {[%emt 0:02:34]} 13. exd5 {[%emt 0:00:56]} Ne7 {[%emt 0:00:01]} 14. c3 {[%emt 0:02:19]} Bg7 {[%emt 0:00:50]} 15. Re1 {[%emt 0:05:47]} O-O {[%emt 0:03:39]} 16. Bf1 {[%emt 0:00:03]} Ng6 {[%emt 0:06:52]} 17. Nc2 {[%emt 0:06:41]} Rb8 {[%emt 0:06:19]} 18. Nb4 {[%emt 0:10:06]} Qb6 {[%emt 0:03:45]} 19. a4 {[%emt 0:04:14]} e4 {[%emt 0:15:12]} 20. a5 {[%emt 0:25:10]} Qb7 {[%emt 0:02:27]} 21. Qh5 {[%emt 0:01:04]} Ne7 {[%emt 0:01:15]} 22. Rad1 {[%emt 0:00:17]} Rbc8 {[%emt 0:02:51]} 23. g3 {[%emt 0:03:19]} Qc7 {[%emt 0:13:41]} 24. Bh3 {[%emt 0:03:23]} Qxa5 {[%emt 0:02:11]} 25. Ra1 {[%emt 0:01:12]} Qc7 {[%emt 0:04:31]} 26. Rxa6 {[%emt 0:04:22]} Bxc3 {[%emt 0:03:35]} 27. bxc3 {[%emt 0:01:07]} Qxc3 {[%emt 0:00:02]} 28. Qg5+ {[%emt 0:03:50]} Ng6 {[%emt 0:02:15]} 29. Rb1 {[%emt 0:00:18]} Rc4 {[%emt 0:01:31]} 30. Nc6 {[%emt 0:00:52]} h6 {[%emt 0:01:39]} 31. Ne7+ {[%emt 0:04:16]} Kh7 {[%emt 0:00:13]} 32. Qxf5 {[%emt 0:00:05]} Qe5 {[%emt 0:01:25]} 33. Nxg6 {[%emt 0:00:21]} 1-0

[Event "EYCC Open-U18 2019"]
[Site "Bratislava"]
[Date "2019.08.10"]
[Round "9.18"]
[White "Boev, Viktor"]
[Black "Blohberger, Felix"]
[Result "1-0"]
[WhiteElo "2246"]
[BlackElo "2476"]
[Annotator "ChessBase"]
[PlyCount "61"]
[EventDate "2019.08.02"]
[EventType "swiss"]
[EventCountry "SVK"]
[SourceTitle "playchess.com"]
[Source "ChessBase"]
[SourceQuality "1"]
[TimeControl "40/5400+30:1800+30"]

1. e4 {[%emt 0:00:00]} c5 {[%emt 0:00:00]} 2. Nf3 {[%emt 0:00:09]} d6 {[%emt 0:00:00]} 3. Bb5+ {[%emt 0:00:06]} Nc6 {[%emt 0:00:34]} 4. O-O {[%emt 0:00:08]} Bd7 {[%emt 0:00:15]} 5. Re1 {[%emt 0:00:22]} Nf6 {[%emt 0:00:05]} 6. h3 {[%emt 0:01:10]} a6 {[%emt 0:06:32]} 7. Bc4 {[%emt 0:06:22]} e6 {[%emt 0:02:13]} 8. c3 {[%emt 0:02:15]} Be7 {[%emt 0:01:57]} 9. d4 {[%emt 0:02:10]} cxd4 {[%emt 0:02:40]} 10. cxd4 {[%emt 0:00:23]} Nxe4 {[%emt 0:02:41]} 11. Rxe4 {[%emt 0:00:06]} d5 {[%emt 0:00:04]} 12. Rg4 {[%emt 0:00:32]} dxc4 {[%emt 0:01:40]} 13. Rxg7 {[%emt 0:00:05]} Bf6 {[%emt 0:02:25]} 14. Bg5 {[%emt 0:05:25]} Kf8 {[%emt 0:07:54]} 15. Bxf6 {[%emt 0:00:08]} Qxf6 {[%emt 0:00:05]} 16. Rg3 {[%emt 0:06:07]} Rg8 {[%emt 0:06:22]} 17. Nc3 {[%emt 0:05:46]} Rxg3 {[%emt 0:10:14]} 18. fxg3 {[%emt 0:00:06]} Rd8 {[%emt 0:00:44]} 19. Qd2 {[%emt 0:04:21]} Be8 {[%emt 0:06:58]} 20. Rd1 {[%emt 0:00:46]} Ne7 {[%emt 0:03:49]} 21. Ne5 {[%emt 0:01:40]} b5 {[%emt 0:03:21]} 22. Ne4 {[%emt 0:02:16]} Qg7 {[%emt 0:05:16]} 23. Qb4 {[%emt 0:03:58]} a5 {[%emt 0:05:18]} 24. Qc5 {[%emt 0:00:24]} f5 {[%emt 0:04:54]} 25. Nd6 {[%emt 0:03:26]} Qxg3 {[%emt 0:04:34]} 26. Nxe8 {[%emt 0:00:10]} Rxe8 {[%emt 0:02:56]} 27. Qd6 {[%emt 0:03:09]} Qg8 {[%emt 0:01:47]} 28. d5 {[%emt 0:01:07]} Kg7 {[%emt 0:03:33]} 29. dxe6 {[%emt 0:01:45]} Nc8 {[%emt 0:01:56]} 30. Qd7+ {[%emt 0:10:22]} Re7 {[%emt 0:03:00]} 31. Nc6 {[%emt 0:01:04]} 1-0

[Event "EYCC Open-U18 2019"]
[Site "Bratislava"]
[Date "2019.08.10"]
[Round "9.19"]
[White "Kukas, Oliver"]
[Black "Ludvik, Tomas"]
[Result "1/2-1/2"]
[WhiteElo "2082"]
[BlackElo "2334"]
[Annotator "NA"]
[PlyCount "58"]
[EventDate "2019.08.02"]
[EventType "swiss"]
[EventCountry "SVK"]
[SourceTitle "playchess.com"]
[Source "ChessBase"]
[SourceQuality "1"]
[TimeControl "40/5400+30:1800+30"]

1. d4 {[%emt 0:00:00]} Nf6 {[%emt 0:01:17]} 2. Bf4 {[%emt 0:00:00]} b6 {[%emt 0:01:31]} 3. Nf3 {[%emt 0:00:00]} Bb7 {[%emt 0:00:16]} 4. e3 {[%emt 0:00:03]} g6 {[%emt 0:01:03]} 5. h4 {[%emt 0:00:29]} Bg7 {[%emt 0:00:40]} 6. Nbd2 {[%emt 0:00:26]} c5 {[%emt 0:01:06]} 7. Nc4 {[%emt 0:02:02]} cxd4 {[%emt 0:06:46]} 8. exd4 {[%emt 0:00:13]} d6 {[%emt 0:00:40]} 9. Be2 {[%emt 0:02:33]} b5 {[%emt 0:05:29]} 10. Ne3 {[%emt 0:01:32]} Qa5+ {[%emt 0:02:08]} 11. c3 {[%emt 0:01:00]} Nbd7 {[%emt 0:04:49]} 12. a4 {[%emt 0:01:48]} bxa4 {[%emt 0:01:08]} 13. Nc4 {[%emt 0:04:15]} Qc7 {[%emt 0:01:16]} 14. Qxa4 {[%emt 0:03:51]} O-O {[%emt 0:01:12]} 15. O-O {[%emt 0:05:53]} Nb6 {[%emt 0:04:13]} 16. Nxb6 {[%emt 0:01:31]} axb6 {[%emt 0:01:20]} 17. Qb3 {[%emt 0:00:44]} Nd5 {[%emt 0:06:18]} 18. Bd2 {[%emt 0:03:37]} e5 {[%emt 0:07:34]} 19. Bc4 {[%emt 0:08:08]} Ne7 {[%emt 0:04:18]} 20. dxe5 {[%emt 0:04:02]} dxe5 {[%emt 0:09:08]} 21. Ng5 {[%emt 0:02:11]} Nc6 {[%emt 0:00:26]} 22. Rxa8 {[%emt 0:17:09]} Bxa8 {[%emt 0:00:15]} 23. Be2 {[%emt 0:01:11]} h6 {[%emt 0:05:53]} 24. Nf3 {[%emt 0:02:05]} e4 {[%emt 0:02:19]} 25. Nh2 {[%emt 0:01:20]} Na5 {[%emt 0:04:28]} 26. Qb4 {[%emt 0:03:57]} Rb8 {[%emt 0:02:50]} 27. Be3 {[%emt 0:03:26]} Bf8 {[%emt 0:02:13]} 28. Qd4 {[%emt 0:02:31]} Bg7 {[%emt 0:02:29]} 29. Qb4 {[%emt 0:00:52]} Bf8 {[%emt 0:07:54]} 1/2-1/2

[Event "EYCC Open-U18 2019"]
[Site "Bratislava"]
[Date "2019.08.10"]
[Round "9.20"]
[White "Garayev, Kanan"]
[Black "Godzwon, Iwo"]
[Result "1/2-1/2"]
[WhiteElo "2351"]
[BlackElo "2285"]
[Annotator "NA"]
[PlyCount "74"]
[EventDate "2019.08.02"]
[EventType "swiss"]
[EventCountry "SVK"]
[SourceTitle "playchess.com"]
[Source "ChessBase"]
[SourceQuality "1"]
[TimeControl "40/5400+30:1800+30"]

1. d4 {[%emt 0:00:00]} Nf6 {[%emt 0:00:00]} 2. c4 {[%emt 0:00:00]} e6 {[%emt 0:00:00]} 3. Nc3 {[%emt 0:00:00]} Bb4 {[%emt 0:00:00]} 4. g3 {[%emt 0:00:00]} c5 {[%emt 0:00:15]} 5. Nf3 {[%emt 0:00:00]} Ne4 {[%emt 0:04:49]} 6. Bd2 {[%emt 0:02:39]} Nxd2 {[%emt 0:01:07]} 7. Qxd2 {[%emt 0:00:02]} cxd4 {[%emt 0:06:44]} 8. Nxd4 {[%emt 0:00:45]} Nc6 {[%emt 0:00:02]} 9. Nc2 {[%emt 0:02:35]} Be7 {[%emt 0:00:56]} 10. Bg2 {[%emt 0:00:15]} O-O {[%emt 0:01:18]} 11. O-O {[%emt 0:00:07]} d6 {[%emt 0:05:10]} 12. Rfd1 {[%emt 0:01:55]} Qb6 {[%emt 0:00:04]} 13. e3 {[%emt 0:19:19]} Rd8 {[%emt 0:03:40]} 14. Rac1 {[%emt 0:09:35]} Bd7 {[%emt 0:02:38]} 15. Nd4 {[%emt 0:03:38]} a6 {[%emt 0:02:25]} 16. b3 {[%emt 0:11:27]} Qa7 {[%emt 0:03:54]} 17. Nxc6 {[%emt 0:03:36]} Bxc6 {[%emt 0:02:43]} 18. Qd4 {[%emt 0:04:59]} Qxd4 {[%emt 0:04:07]} 19. Rxd4 {[%emt 0:01:22]} Bf6 {[%emt 0:00:23]} 20. Rd2 {[%emt 0:00:14]} Bxc3 {[%emt 0:03:54]} 21. Rxc3 {[%emt 0:00:02]} Bxg2 {[%emt 0:00:54]} 22. Kxg2 {[%emt 0:00:02]} Kf8 {[%emt 0:00:05]} 23. e4 {[%emt 0:01:59]} Ke7 {[%emt 0:00:07]} 24. f4 {[%emt 0:02:03]} f6 {[%emt 0:12:48]} 25. Kf3 {[%emt 0:02:00]} Rac8 {[%emt 0:01:28]} 26. f5 {[%emt 0:02:58]} exf5 {[%emt 0:05:47]} 27. exf5 {[%emt 0:00:08]} Rc5 {[%emt 0:00:02]} 28. g4 {[%emt 0:03:47]} b6 {[%emt 0:00:28]} 29. Rd5 {[%emt 0:03:36]} Kd7 {[%emt 0:00:55]} 30. Kf4 {[%emt 0:02:02]} Rxd5 {[%emt 0:00:36]} 31. cxd5 {[%emt 0:00:01]} Rc8 {[%emt 0:00:03]} 32. Rxc8 {[%emt 0:06:26]} Kxc8 {[%emt 0:00:19]} 33. h4 {[%emt 0:01:30]} Kd7 {[%emt 0:00:06]} 34. g5 {[%emt 0:01:49]} Ke7 {[%emt 0:00:53]} 35. Kg4 {[%emt 0:01:35]} fxg5 {[%emt 0:02:31]} 36. hxg5 {[%emt 0:02:23]} g6 {[%emt 0:00:04]} 37. fxg6 {[%emt 0:00:36]} hxg6 {[%emt 0:00:03]} 1/2-1/2

[Event "EYCC Open-U18 2019"]
[Site "Bratislava"]
[Date "2019.08.10"]
[Round "9.21"]
[White "Golikov, Daniil"]
[Black "Tisaj, Domen"]
[Result "1-0"]
[WhiteElo "2257"]
[BlackElo "2232"]
[Annotator "NA"]
[PlyCount "53"]
[EventDate "2019.08.02"]
[EventType "swiss"]
[EventCountry "SVK"]
[SourceTitle "playchess.com"]
[Source "ChessBase"]
[SourceQuality "1"]
[TimeControl "40/5400+30:1800+30"]

1. Nf3 f5 {[%emt 0:01:22]} 2. g3 {[%emt 0:01:56]} Nf6 {[%emt 0:00:07]} 3. Bg2 {[%emt 0:00:09]} e6 {[%emt 0:00:07]} 4. O-O {[%emt 0:00:13]} d5 {[%emt 0:00:06]} 5. c4 {[%emt 0:00:09]} c6 {[%emt 0:00:07]} 6. d3 {[%emt 0:00:23]} dxc4 {[%emt 0:00:12]} 7. dxc4 {[%emt 0:00:05]} Qxd1 {[%emt 0:00:08]} 8. Rxd1 {[%emt 0:00:04]} Nbd7 {[%emt 0:00:25]} 9. Nc3 {[%emt 0:00:49]} Bc5 {[%emt 0:07:25]} 10. h3 {[%emt 0:31:46]} O-O {[%emt 0:01:15]} 11. Bf4 {[%emt 0:05:18]} Ne4 {[%emt 0:10:09]} 12. Nxe4 {[%emt 0:00:16]} fxe4 {[%emt 0:00:06]} 13. Nd2 {[%emt 0:01:41]} Bxf2+ {[%emt 0:02:31]} 14. Kxf2 {[%emt 0:01:27]} e5 {[%emt 0:00:17]} 15. e3 {[%emt 0:11:57]} Nc5 {[%emt 0:09:27]} 16. Nxe4 {[%emt 0:00:53]} Nxe4+ {[%emt 0:05:41]} 17. Bxe4 {[%emt 0:00:03]} g5 {[%emt 0:00:49]} 18. Rd6 {[%emt 0:03:42]} exf4 {[%emt 0:10:41]} 19. exf4 {[%emt 0:00:39]} gxf4 {[%emt 0:10:11]} 20. g4 {[%emt 0:00:14]} Re8 {[%emt 0:01:03]} 21. Re1 {[%emt 0:03:43]} Kg7 {[%emt 0:00:04]} 22. Bd3 {[%emt 0:01:18]} Rxe1 {[%emt 0:01:19]} 23. Kxe1 {[%emt 0:00:02]} h5 {[%emt 0:00:21]} 24. Rd8 {[%emt 0:00:51]} hxg4 {[%emt 0:01:12]} 25. hxg4 {[%emt 0:00:07]} b6 {[%emt 0:01:04]} 26. Bf5 {[%emt 0:00:05]} Bb7 {[%emt 0:00:05]} 27. Rd7+ {[%emt 0:00:01]} 1-0

[Event "EYCC Open-U18 2019"]
[Site "Bratislava"]
[Date "2019.08.10"]
[Round "9.22"]
[White "Leisch, Lukas"]
[Black "Brozyna, Mateusz"]
[Result "1-0"]
[WhiteElo "2327"]
[BlackElo "2258"]
[Annotator "NA"]
[PlyCount "145"]
[EventDate "2019.08.02"]
[EventType "swiss"]
[EventCountry "SVK"]
[SourceTitle "playchess.com"]
[Source "ChessBase"]
[SourceQuality "1"]
[TimeControl "40/5400+30:1800+30"]

1. Nf3 {[%emt 0:00:00]} d5 {[%emt 0:00:15]} 2. e3 {[%emt 0:00:41]} Nf6 {[%emt 0:00:08]} 3. c4 {[%emt 0:00:26]} c6 {[%emt 0:00:21]} 4. Nc3 {[%emt 0:00:06]} e6 {[%emt 0:00:20]} 5. b3 {[%emt 0:00:10]} Nbd7 {[%emt 0:00:17]} 6. Qc2 {[%emt 0:00:13]} Bd6 {[%emt 0:00:09]} 7. Bb2 {[%emt 0:00:06]} O-O {[%emt 0:00:08]} 8. Be2 {[%emt 0:00:16]} b6 {[%emt 0:05:05]} 9. Rg1 {[%emt 0:00:31]} Qe7 {[%emt 0:04:26]} 10. g4 {[%emt 0:00:28]} Ba3 {[%emt 0:06:15]} 11. g5 {[%emt 0:01:59]} Ne8 {[%emt 0:00:22]} 12. Bxa3 {[%emt 0:06:52]} Qxa3 {[%emt 0:00:19]} 13. Nd4 {[%emt 0:02:21]} Bb7 {[%emt 0:03:26]} 14. f4 {[%emt 0:06:03]} e5 {[%emt 0:11:17]} 15. fxe5 {[%emt 0:02:22]} Nxe5 {[%emt 0:01:07]} 16. cxd5 {[%emt 0:00:50]} cxd5 {[%emt 0:01:45]} 17. Qf5 {[%emt 0:03:44]} Qe7 {[%emt 0:05:59]} 18. O-O-O {[%emt 0:03:05]} Nd6 {[%emt 0:01:16]} 19. Qf6 {[%emt 0:08:55]} Qxf6 {[%emt 0:06:31]} 20. gxf6 {[%emt 0:00:06]} g6 {[%emt 0:00:07]} 21. d3 {[%emt 0:02:42]} Rfe8 {[%emt 0:03:23]} 22. Kd2 {[%emt 0:01:37]} Nd7 {[%emt 0:10:13]} 23. Rdf1 {[%emt 0:00:40]} Red8 {[%emt 0:01:11]} 24. Bg4 {[%emt 0:08:44]} Ne8 {[%emt 0:01:23]} 25. Bxd7 {[%emt 0:00:27]} Rxd7 {[%emt 0:00:07]} 26. Rf4 {[%emt 0:01:54]} Nc7 {[%emt 0:02:59]} 27. Rg3 {[%emt 0:03:38]} Re8 {[%emt 0:05:22]} 28. Rh3 {[%emt 0:04:44]} Ne6 {[%emt 0:02:11]} 29. Rfh4 {[%emt 0:02:55]} h5 {[%emt 0:11:49]} 30. Nce2 {[%emt 0:05:01]} Ng5 {[%emt 0:02:03]} 31. Rg3 {[%emt 0:00:11]} Nh7 {[%emt 0:00:19]} 32. Rf4 {[%emt 0:02:16]} Re5 {[%emt 0:04:37]} 33. h4 {[%emt 0:01:10]} Rd6 {[%emt 0:03:56]} 34. Rgf3 {[%emt 0:00:47]} a6 {[%emt 0:00:41]} 35. Rf1 {[%emt 0:01:00]} Re8 {[%emt 0:00:22]} 36. Ng3 {[%emt 0:03:35]} Bc8 {[%emt 0:01:24]} 37. Nge2 {[%emt 0:04:08]} Bg4 {[%emt 0:00:56]} 38. Nc3 {[%emt 0:00:33]} Nf8 {[%emt 0:01:06]} 39. Nc2 {[%emt 0:05:49]} Ne6 {[%emt 0:02:15]} 40. R4f2 {[%emt 0:00:00]} Rc8 {[%emt 0:00:00]} 41. Nb4 {[%emt 0:05:10]} d4 {[%emt 0:09:47]} 42. Ne4 {[%emt 0:07:37]} dxe3+ {[%emt 0:01:04]} 43. Kxe3 {[%emt 0:00:05]} Rd4 {[%emt 0:01:17]} 44. Nc2 {[%emt 0:02:20]} Rd5 {[%emt 0:01:05]} 45. d4 {[%emt 0:05:13]} a5 {[%emt 0:01:41]} 46. Rd2 {[%emt 0:02:03]} Bf5 {[%emt 0:02:52]} 47. Rfd1 {[%emt 0:02:47]} Re8 {[%emt 0:03:44]} 48. Nc3 {[%emt 0:03:35]} Rd6 {[%emt 0:07:36]} 49. d5 {[%emt 0:02:29]} Nc5+ {[%emt 0:00:47]} 50. Kd4 {[%emt 0:04:12]} Ne6+ {[%emt 0:00:22]} 51. Ke5 {[%emt 0:01:20]} Red8 {[%emt 0:03:47]} 52. Ne3 {[%emt 0:01:38]} Nf8 {[%emt 0:04:00]} 53. Nxf5 {[%emt 0:00:58]} gxf5 {[%emt 0:00:01]} 54. Kxf5 {[%emt 0:01:26]} Ng6 {[%emt 0:00:13]} 55. Kg5 {[%emt 0:02:34]} Re8 {[%emt 0:00:20]} 56. Re2 {[%emt 0:00:57]} Rxe2 {[%emt 0:01:41]} 57. Nxe2 {[%emt 0:00:05]} Nf8 {[%emt 0:00:09]} 58. Nc3 {[%emt 0:02:01]} Nh7+ {[%emt 0:00:20]} 59. Kxh5 {[%emt 0:00:11]} Nxf6+ {[%emt 0:00:04]} 60. Kg5 {[%emt 0:00:08]} Kg7 {[%emt 0:00:36]} 61. Kf5 {[%emt 0:00:50]} Nd7 {[%emt 0:00:14]} 62. Ne4 {[%emt 0:00:51]} Rh6 {[%emt 0:00:13]} 63. Kg4 {[%emt 0:01:44]} Rg6+ {[%emt 0:01:16]} 64. Kf4 {[%emt 0:00:51]} Rh6 {[%emt 0:00:25]} 65. Kg4 {[%emt 0:01:32]} Rg6+ {[%emt 0:00:02]} 66. Kf4 {[%emt 0:00:03]} Rh6 {[%emt 0:00:01]} 67. Rh1 {[%emt 0:00:40]} Rh5 {[%emt 0:02:25]} 68. d6 {[%emt 0:00:22]} Rd5 {[%emt 0:01:34]} 69. h5 {[%emt 0:00:04]} f5 {[%emt 0:00:12]} 70. h6+ {[%emt 0:00:40]} Kh8 {[%emt 0:00:02]} 71. Ng5 {[%emt 0:00:41]} Rd4+ {[%emt 0:00:23]} 72. Kxf5 {[%emt 0:00:41]} Rd5+ {[%emt 0:00:23]} 73. Ke4 1-0